| 000 | 00000nam 2200000za 4500 |
| 001 | 9.806538 |
| 003 | CaOODSP |
| 005 | 20221107135921 |
| 007 | cr ||||||||||| |
| 008 | 151127s2000 onc |o f|0| 0 eng d |
| 040 | |aCaOODSP|beng |
| 043 | |an-cn--- |
| 086 | 1 |aH113-13/2000-1E-PDF |
| 245 | 02|aA decision framework for risk assessment and risk management in the Pest Management Regulatory Agency |h[electronic resource]. |
| 260 | |aOttawa : |bHealth Canada, |c2000. |
| 300 | |a20 p. : |bfig. |
| 490 | 1 |aScience policy notices ; |x2368-1861|vSPN2000-01 |
| 500 | |aIssued also in French under title: Cadre décisionnel pour l'évaluation et la gestion des risques à l'Agence de réglementation de la lute antiparasitaire. |
| 500 | |a"December 22, 2000." |
| 692 | 07|2gccst|aPesticides |
| 692 | 07|2gccst|aRisk management |
| 710 | 1 |aCanada. |bPest Management Regulatory Agency. |
| 775 | 08|tCadre décisionnel pour l'évaluation et la gestion des risques à l'Agence de réglementation de la lutte antiparasitaire |w(CaOODSP)9.806544 |
| 830 | #0|aScience policy notices,|x2368-1861|vSPN2000-01|w(CaOODSP)9.504452 |
| 856 | 40|qPDF|s281 KB|uhttps://publications.gc.ca/collections/collection_2015/sc-hc/H113-13-2000-1-eng.pdf |